Seven Sacraments - Statistics

General Stats
  • This quiz has been taken 91 times
  • The average score is 6 of 7
Answer Stats
Hint Answer % Correct
1 Baptism (Christening)
99%
7 Matrimony (Marriage)
97%
2 Confirmation (Chrismation)
93%
3 Holy Eucharist
88%
4 Penance (Confession)
72%
5 Anointing of the Sick
65%
6 Holy Orders
61%
No matching quizzes found
Score Distribution
Percent of People with Each Score
Percentile by Number Answered
Your Score History
You have not taken this quiz